| 000 | 01002nam a22002537a 4500 | ||
|---|---|---|---|
| 005 | 20170124110254.0 | ||
| 010 | _aA-688963 | ||
| 020 |
_c00.00 _a8170223180 |
||
| 035 | _aA-688963 | ||
| 037 | _bCen Lib/Ret | ||
| 040 |
_aDPL _bEN |
||
| 082 |
_a376.954 _bAGA |
||
| 100 |
_aAgarwal, S.P. _97660 |
||
| 245 |
_aWomens education in india : _cby S.P. Agarwal [and] J.C. Agarwal _bhistorical review, present status, and perspective plan with statistical indicators, and index to scholarly writings inIndian educational journals since independence |
||
| 246 | _b | ||
| 260 |
_bNew Delhi _aConcept Publishing _c1994 |
||
| 270 |
_aA/15-16, Commercial block Mohan garden _bNew Delhi _e110059 |
||
| 300 |
_a315p. _c20m(Hb) |
||
| 490 | _aConcept in communication informatics & librarianship -13 | ||
| 650 |
_a Women -- Education -- India -- History. _9101615 |
||
| 650 |
_aWomen -- Education. _zIndia _9101616 |
||
| 700 |
_a Agarwal, J.C. _99464 |
||
| 942 |
_2ddc _cEN _h376.954 _mAGA |
||
| 999 |
_c136085 _d136085 |
||